Sports Quiz

Random Sports or Baseball Quiz

Braves Yearly Top 5 WAR (Batters) Quiz Stats

 Plays Quiz not verified by Sporcle

Score 0/248 Timer 12:00
0 Plays Today
Hint Answer % Correct
2019Ronald Acuna
100%
2019Ozzie Albies
100%
2019Freddie Freeman
100%
1995Chipper Jones
98.9%
1996Chipper Jones
98.9%
1997Chipper Jones
98.9%
1997Andruw Jones
98.9%
1998Andruw Jones
98.9%
1998Chipper Jones
98.9%
1999Andruw Jones
98.9%
1999Chipper Jones
98.9%
2000Andruw Jones
98.9%
2000Chipper Jones
98.9%
2001Chipper Jones
98.9%
2001Andruw Jones
98.9%
2002Andruw Jones
98.9%
2002Chipper Jones
98.9%
2003Andruw Jones
98.9%
2004Chipper Jones
98.9%
2004Andruw Jones
98.9%
2005Andruw Jones
98.9%
2005Chipper Jones
98.9%
2006Andruw Jones
98.9%
2006Chipper Jones
98.9%
2007Chipper Jones
98.9%
2007Andruw Jones
98.9%
2008Chipper Jones
98.9%
2009Chipper Jones
98.9%
2010Chipper Jones
98.9%
2011Chipper Jones
98.9%
1970Hank Aaron
95.4%
1971Hank Aaron
95.4%
1972Hank Aaron
95.4%
1973Hank Aaron
95.4%
1974Hank Aaron
95.4%
1980Dale Murphy
95.4%
1981Dale Murphy
95.4%
1982Dale Murphy
95.4%
1983Dale Murphy
95.4%
1984Dale Murphy
95.4%
1985Dale Murphy
95.4%
1986Dale Murphy
95.4%
1987Dale Murphy
95.4%
1988Dale Murphy
95.4%
1989Dale Murphy
95.4%
2018Freddie Freeman
94.4%
2017Freddie Freeman
93.1%
1995Javy Lopez
91.9%
1997Javy Lopez
91.9%
1998Javy Lopez
91.9%
1999Javy Lopez
91.9%
2000Javy Lopez
91.9%
2001Javy Lopez
91.9%
2003Javy Lopez
91.9%
2013Freddie Freeman
91.5%
2014Freddie Freeman
91.5%
2015Freddie Freeman
91.5%
2016Freddie Freeman
91.5%
1990David Justice
88.7%
1991David Justice
88.7%
1992David Justice
88.7%
1993David Justice
88.7%
1994David Justice
88.7%
1995David Justice
88.7%
1995Fred McGriff Mark Lemke
88.7%
1996David Justice
88.7%
1973Davey Johnson
87.7%
1984Randy Johnson
87.7%
2007Kelly Johnson
87.7%
2008Kelly Johnson
87.7%
1993Fred McGriff
87%
1994Fred McGriff
87%
1996Fred McGriff
87%
1988Ron Gant
85.9%
1990Ron Gant
85.9%
1991Ron Gant
85.9%
1992Ron Gant
85.9%
1993Ron Gant
85.9%
1991Terry Pendleton
81.7%
1992Terry Pendleton
81.7%
1988Lonnie Smith
81%
1989Lonnie Smith
81%
1990Lonnie Smith
81%
Hint Answer % Correct
1991Lonnie Smith
81%
2016Mallex Smith
81%
2002Gary Sheffield
80.6%
2003Gary Sheffield
80.6%
2006Brian McCann
80.6%
2008Brian McCann
80.6%
2009Brian McCann
80.6%
2010Brian McCann
80.6%
2011Brian McCann
80.6%
2013Brian McCann
80.6%
19903 way tie for 4th
78.5%
1988Jeff Blauser
77.1%
1989Jeff Blauser
77.1%
1993Jeff Blauser
77.1%
1994Jeff Blauser
77.1%
1997Jeff Blauser
77.1%
2013Andrelton Simmons
73.2%
2014Andrelton Simmons
73.2%
2015Andrelton Simmons
73.2%
2018Ronald Acuna
72.2%
1978Bob Horner
72.2%
1979Bob Horner
72.2%
1980Bob Horner
72.2%
1981Bob Horner
72.2%
1982Bob Horner
72.2%
1983Bob Horner
72.2%
1985Bob Horner
72.2%
1986Bob Horner
72.2%
2012Andrelton Simmons
71.1%
2018Ozzie Albies
70.4%
1998Andres Galarraga
70.1%
2010Jason Heyward
70.1%
2011Jason Heyward
70.1%
2012Jason Heyward
70.1%
2013Jason Heyward
70.1%
2014Jason Heyward
70.1%
2000Rafael Furcal
69.4%
2002Rafael Furcal
69.4%
2003Rafael Furcal
69.4%
2004Rafael Furcal
69.4%
2005Rafael Furcal
69.4%
1971Darrell Evans Felix Millan
68.7%
1972Darrell Evans
67.6%
1973Darrell Evans
67.6%
1974Darrell Evans
67.6%
1975Darrell Evans
67.6%
1994Ryan Klesko
67.6%
1995Ryan Klesko
67.6%
1996Ryan Klesko
67.6%
1998Ryan Klesko
67.6%
2019Josh Donaldson
66.7%
2003Marcus Giles
64.1%
2004Marcus Giles
64.1%
2005Marcus Giles
64.1%
2011Dan Uggla
62.3%
2012Dan Uggla
62.3%
1971Earl Williams
62%
1999Gerald Williams
62%
1997Kenny Lofton
61.6%
1991Otis Nixon
60.6%
1992Otis Nixon
60.6%
1993Otis Nixon
60.6%
2005Jeff Francoeur
60.6%
2007Jeff Francoeur
60.6%
2015Nick Markakis
59.5%
2016Nick Markakis
59.5%
1982Rafael Ramirez
58.8%
1996Marquis Grissom
58.1%
2013Justin Upton
57.7%
2014Justin Upton
57.7%
1992Deion Sanders
56.3%
1994Deion Sanders
56.3%
2004J D Drew
54.2%
1970Rico Carty
53.5%
1972Rico Carty
53.5%
1977Jeff Burroughs
53.5%
1978Jeff Burroughs
53.5%
2017Ender Inciarte
52.4%
1970Felix Millan
49.6%
1971Ralph Garr
49.6%
1972Ralph Garr
49.6%
1974Ralph Garr
49.6%
1975Ralph Garr
49.6%
Hint Answer % Correct
1999Brian Jordan
48.6%
2001Brian Jordan
48.6%
2008Mark Teixeira
47.9%
2017Tyler Flowers
47.6%
2017Ozzie Albies
46.9%
1974Marty Perez
46.5%
1975Marty Perez
46.5%
1980Glenn Hubbard
46.5%
1982Glenn Hubbard
46.5%
1983Glenn Hubbard
46.5%
1984Glenn Hubbard
46.5%
1985Glenn Hubbard
46.5%
1987Glenn Hubbard
46.5%
2018Ender Inciarte
46.3%
2016Ender Inciarte
45.1%
1977Gary Matthews
43%
1978Gary Matthews
43%
1979Gary Matthews
43%
1980Gary Matthews
43%
1972Dusty Baker
41.9%
1973Dusty Baker
41.9%
1974Dusty Baker
41.9%
1975Dusty Baker
41.9%
2009Martin Prado
41.9%
2010Martin Prado
41.9%
2011Martin Prado
41.9%
2012Martin Prado
41.9%
1980Chris Chambliss
39.8%
1981Chris Chambliss
39.8%
1982Chris Chambliss
39.8%
2006Edgar Renteria
39.8%
2007Edgar Renteria
39.8%
1981Claudell Washington
37.7%
1984Claudell Washington
37.7%
2009Adam LaRoche David Ross
37.7%
1970Orlando Cepeda
36.6%
2016Dansby Swanson
36.6%
2017Kurt Suzuki
35.9%
1981Bruce Benedict
33.8%
1983Bruce Benedict
33.8%
2008Yunel Escobar
32%
2009Yunel Escobar
32%
2015A J Pierzynski
31.3%
2012Michael Bourn
30.6%
1979Eddie Miller
30.3%
1983Brett Butler
30.3%
19763 way tie for 4th
29.9%
1985Ken Oberkfell
29.9%
1986Ken Oberkfell
29.9%
2018Johan Camargo
29.6%
1975Dave May
29.6%
2006Matt Diaz
27.5%
1986Ozzie Virgil
25.4%
1987Ozzie Virgil
25.4%
1988Ozzie Virgil
25.4%
2014Evan Gattis
23.9%
1985Terry Harper
23.6%
1977Biff Pocoroba
23.2%
2001Mark DeRosa Quilvio Veras
23.2%
1976Jerry Royster
21.1%
1979Jerry Royster
21.1%
1989Jeff Treadway
21.1%
2000Quilvio Veras
21.1%
1986Ken Griffey
20.4%
1987Ken Griffey
20.4%
2010Omar Infante
20.4%
1971Mike Lum
19.7%
1973Mike Lum
19.7%
1978Rowland Office
19%
1987Dion James
17.6%
1976Jimmy Wynn
15.8%
1978Phil Niekro
13.7%
1970Clete Boyer
12.7%
1977Barry Bonnell Mickey Mahler
11.3%
1989Oddibe McDowell
10.9%
2015Juan Uribe
8.1%
1976Cito Gaston
6.3%
1984Alex Trevino
2.5%
2002Darren Bragg
2.1%
1979Larry Whisenton
1.4%
1977Dick Ruthven
1.1%
2019Adeiny Hechavarria
0%

You're not logged in!

Compare scores with friends on all Sporcle quizzes.
OR
Log In

Sporcle TV

Today on Sporcle TV


Watch our educational content, quiz creation guides, and fun videos on Sporcle TV.

Show Comments

Extras

Top Quizzes Today


Score Distribution

Your Account Isn't Verified!

In order to create a playlist on Sporcle, you need to verify the email address you used during registration. Go to your Sporcle Settings to finish the process.

Report this User

Report this user for behavior that violates our Community Guidelines.

Details: